000 00685nam a2200217 a 4500
999 _c3198
_d3198
001 3198
003 BD-JhCC
005 20171112205935.0
008 171111s1985 bg |||| |||| 000 0 ben d
035 _a(BD-JhCC)
040 _aBD-JhCC
_dBD-JhCC
041 _aben
082 _a334.6
_bALI1985
100 _aআলী, শেখ মকুসুদ
245 _aবাজার /
_cশেখ মকসুদ আলী
260 _aঢাকা:
_bবাংলা একাডেমী ;
_c১৯৮৫
300 _a৯৩ পৃ.;
_c১৮ সেমি
490 _aSeries in honour of the Martyrs of the Language Movement of February 1952.
650 _aMarket
942 _2ddc
_cBK